000 01061nam a2200301Ia 4500
000 nam a22 i 4500
001 UNACH-5344
007 ta
008 221212s ||||fr|||| 00| | spa d
041 0 _aspa
082 0 4 _a338.09
_bPolítica económica
100 1 _aJaramillo J., Alfredo H.,
_eautor
245 1 0 _aLa planificación en el Ecuador :
_bun ensayo teórico práctico
250 _a1a ed
264 3 1 _aEcuador :
_bVoluntad,
_c1981
300 _a355 páginas
336 _atexto
_btxt
_2rdacontent
337 _ano mediado
_bn
_2rdamedia
338 _avolumen
_bnc
_2rdacarrier
504 _aIncluye: índice analítico, bibliografía
505 0 _aApuntes para la historia de la planificación en el Ecuador.-- Organismo de planificación.-- Planeación regional.-- Corporaciones regionales de desarrollo.-- Planificación inducida.-- Generación de empleo.--Estrategias de desarrollo.--
650 1 4 _aPLANIFICACIÓN
650 2 4 _aECUADOR
650 2 4 _aESTRATEGIA
653 0 _aPolítica económica
942 _2ddc
_c1
_n0
999 _c4280
_d4280